000 00487nam a2200181 i 4500
001 bg
100 1 _aMACHALIŃSKI, Zbigniew
245 0 _aAdmirałowie polscy 1919-1950 /
_cZbigniew Machaliński.
260 _aWarszawa :
_bWydaw. Bellona,
_c1993.
300 _a336, [3] ,[8] s. :
_bfot. ;
_c24 cm.
020 _a8311082162
040 _cBPK
041 _apol
080 _a929:359]"1919/1950
920 _a83-11-08216-2
942 _cKS
008 s pl f |000 0 pol
999 _c29833
_d29833
856 _uhttp://koha.tu.koszalin.pl/cgi-bin/koha/opac-detail.pl?biblionumber=29833
_yKatalog online BPK